LIBRARY & INFORMATION CENTRE, KCAET, TAVANUR

ONLINE PUBLIC ACCESS CATALOGUE (OPAC)

Introduction to ergonomics / (Record no. 12998)

MARC details
000 -LEADER
fixed length control field 00351cam a2200133ua 4500
041 ## - LANGUAGE CODE
Language code of text/sound track or separate title eng
100 ## - MAIN ENTRY--AUTHOR NAME
Personal name Bridger, R.S .
245 ## - TITLE STATEMENT
Title Introduction to ergonomics /
260 ## - PUBLICATION, DISTRIBUTION, ETC. (IMPRINT)
Place of publication Singapore :
Name of publisher McGraw-Hill International Book Company ,
Year of publication 1995.
300 ## - PHYSICAL DESCRIPTION
Number of Pages ; .
942 ## - ADDED ENTRY ELEMENTS (KOHA)
Koha item type Books
Holdings
Withdrawn status Lost status Damaged status Home library Current library Date acquired Accession Number Koha item type
Withdrawn     KAUAET KAUAET 07/04/2012 21155 Books
free website counter